| 000 | 01289 a2200253 4500 | ||
|---|---|---|---|
| 001 | 43860 | ||
| 005 | 20260407155719.0 | ||
| 008 | 260407a2002 arg spa d | ||
| 003 | AR-UNSa-BCEJYS | ||
| 040 |
_aAR-UNSa-BCEJYS _bspa _cAR-UNSa-BCEJYS |
||
| 080 |
_a330.35 _xCrecimiento económico |
||
| 245 | 1 | 0 | _aApuntes de crecimiento económico |
| 020 | _a978-84-85855-92-6 | ||
| 250 | _a2a. ed. | ||
| 264 | 1 |
_aBarcelona : _bAntoni Bosch _c2002 |
|
| 300 |
_a250 p. _c24 cm. |
||
| 505 | _a1. El modelo neoclásico de crecimiento de Solow-Swan - 2. Crecimiento endógeno y otras extensiones del modelo de Solow-Swan - 3. Crecimiento neoclásicos: el modelo de Ramsey - 4. El crecimiento exógeno de la productividad - 5. Modelos simples de crecimiento endógeno: el modelo AK - 6. Gasto público y crecimiento - 7. El aprendizaje por la práctica y el desbordamiento del conocimiento - 8. La acumulación de capital humano - 9. La economia de las ideas: progreso tecnológico endógeno y crecimiento - 10. La literatura empírica | ||
| 041 | _aspa | ||
| 942 | _cBK | ||
| 590 | _aniveau_biblio:m niveau_hierar:0 | ||
| 100 | 1 | _aSala-i-Martin, Xavier | |
| 700 | 1 | _aVila Artadi, Elsa | |
| 856 | 4 | 1 |
_uhttps://biblioeco.unsa.edu.ar/pmb/images/libros/L126808.jpg _yImagen de portada _qimage/jpeg |
| 999 |
_c3728 _d3728 |
||